Catálogo
 En Linea

Francisco de la Cruz, Inquisición, Actas II-2 : (Registro nro. 41102)

Detalles MARC
000 -CABECERA
campo de control de longitud fija 00971nam a2200217 a 4500
001 - NÚMERO DE CONTROL
campo de control 000041612
005 - FECHA Y HORA DE LA ÚLTIMA TRANSACCIÓN
campo de control 20201002035651.0
008 - DATOS DE LONGITUD FIJA--INFORMACIÓN GENERAL
campo de control de longitud fija 131014s1997 sp 000 0 spa d
020 ## - NÚMERO INTERNACIONAL ESTÁNDAR DEL LIBRO
Número Internacional Estándar del Libro 8400076885
040 ## - FUENTE DE LA CATALOGACIÓN
Centro catalogador/agencia de origen DO-SdBNP
Lengua de catalogación spa
Centro/agencia transcriptor BNPHU
082 ## - NÚMERO DE LA CLASIFICACIÓN DECIMAL DEWEY
Número de clasificación xxx
Número de documento/Ítem C957z
100 1# - ENTRADA PRINCIPAL--NOMBRE DE PERSONA
Nombre de persona Abril Castelló, Vidal
9 (RLIN) 67902
245 10 - MENCIÓN DE TÍTULO
Título Francisco de la Cruz, Inquisición, Actas II-2 :
Resto del título derecho y moral, teología y política en el trasplante a Iberoamérica del Santo Oficio Español (la Junta Magna de 1568 y la política indiana de Felipe II) /
Mención de responsabilidad, etc. Vidal Abril Castilló, Miguel J. Abril. Stoffels.
260 ## - PUBLICACIÓN, DISTRIBUCIÓN, ETC.
Lugar de publicación, distribución, etc. Madrid :
Nombre del editor, distribuidor, etc. Consejo Superior de Investigaciones Científicas,
Fecha de publicación, distribución, etc. 1997.
300 ## - DESCRIPCIÓN FÍSICA
Extensión 2 v. ;
Dimensiones 22 cm.
490 1# - MENCIÓN DE SERIE
Mención de serie Corpus Hispanorum de pace
Designación de volumen o secuencia 35/37
500 ## - NOTA GENERAL
Nota general Incluye referencias bibliográficas y notas al pie de las páginas.
504 ## - NOTA DE BIBLIOGRAFÍA, ETC.
Nota de bibliografía, etc. Bibliografía: p. 1663-1670
700 12 - PUNTO DE ACCESO ADICIONAL--NOMBRE DE PERSONA
Nombre de persona Abril. Stoffels, Miguel J.
9 (RLIN) 68387
830 #0 - PUNTO DE ACCESO ADICIONAL DE SERIE-TÍTULO UNIFORME
Título uniforme Corpus Hispanorum de pace
Número de parte o sección de la obra 35/37
9 (RLIN) 68388
Existencias
Estado de retiro Estado de pérdida Restricciones de uso No para préstamo Código de colección Localización permanente Ubicación/localización actual Ubicación en estantería Fecha de adquisición Número de inventario Total de préstamos Signatura topográfica completa Código de barras Fecha visto por última vez Precio válido a partir de Tipo de ítem Koha
      Excluido de préstamo Monografías: Libros y Folletos General General En catalogación 14.10.2013 LF1   xxx C957z 41612-10 25.06.2020 25.06.2020 No se presta
        Monografías: Libros y Folletos General General Orden iniciada 15.10.2013 LF1   xxx C957z 41612-20 25.06.2020 25.06.2020 No se presta

Con tecnología Koha